Upland pathwork (Record no. 109646)

MARC details
000 -LEADER
fixed length control field 01481cad a22002655a 4500
001 - CONTROL NUMBER
control field E147604
008 - FIXED-LENGTH DATA ELEMENTS--GENERAL INFORMATION
fixed length control field 090528s1999 xxk f 000 0 eng d
035 ## - SYSTEM CONTROL NUMBER
System control number (Sirsi) u147604
041 0# - LANGUAGE CODE
Language code of text/sound track or separate title eng
050 04 - LIBRARY OF CONGRESS CALL NUMBER
Classification number 711.558 $2 18
110 2# - MAIN ENTRY--CORPORATE NAME
Corporate name or jurisdiction name as entry element Scottish Natural Heritage
9 (RLIN) 2794
245 00 - TITLE STATEMENT
Title Upland pathwork
Remainder of title construction standards for Scotland
Medium [electronic resource]
260 ## - PUBLICATION, DISTRIBUTION, ETC.
Place of publication, distribution, etc. Redgorton
Name of publisher, distributor, etc. SNH
Date of publication, distribution, etc. 1999
505 #0 - FORMATTED CONTENTS NOTE
Formatted contents note Preface -- Section 1: introduction to upland pathwork -- Section 2: upland path drainage -- Section 3: upland path surfaces -- Section 4: upland path site restoration -- Glossary of symbols -- Glossary of terms
520 ## - SUMMARY, ETC.
Summary, etc. Aimed at anyone managing upland paths in Scotland, this publication offers guidance on the basic principles of upland path management, as well as pathwork techniques, and the context within which they should be used. Complements the publication "Upland path management", which offers general guidance on upland path projects (see E147605).
521 ## - TARGET AUDIENCE NOTE
Target audience note Advanced
590 ## - LOCAL NOTE (RLIN)
Local note KA
651 #4 - SUBJECT ADDED ENTRY--GEOGRAPHIC NAME
Geographic name Scotland
Chronological subdivision 1999-
690 ## - LOCAL SUBJECT ADDED ENTRY--TOPICAL TERM (OCLC, RLIN)
Topical term or geographic name as entry element ENVIRONMENTAL AND LAND CONSULTANCY-ENVIRONMENTAL MANAGEMENT-ENVIRONMENTAL CONSERVATION-LANDSCAPE CONSERVATION
710 1# - ADDED ENTRY--CORPORATE NAME
Corporate name or jurisdiction name as entry element Highlands and Islands Enterprise
710 1# - ADDED ENTRY--CORPORATE NAME
Corporate name or jurisdiction name as entry element National Trust for Scotland
9 (RLIN) 3899
710 1# - ADDED ENTRY--CORPORATE NAME
Corporate name or jurisdiction name as entry element Footpath Trust
856 40 - ELECTRONIC LOCATION AND ACCESS
Uniform Resource Identifier <a href="https://www.snh.org.uk/publications/on-line/heritagemanagement/uplandpathwork/index.shtml">https://www.snh.org.uk/publications/on-line/heritagemanagement/uplandpathwork/index.shtml</a>
Public note View the report free of charge at www.snh.org.uk...
942 ## - ADDED ENTRY ELEMENTS (KOHA)
Suppress in OPAC 0
Holdings
Withdrawn status Lost status Source of classification or shelving scheme Damaged status Not for loan Home library Current library Shelving location Date acquired Total Checkouts Full call number Barcode Date last seen Copy number Price effective from Koha item type
    Dewey Decimal Classification     Virtual Virtual Online 28/05/2009   ONLINE PUBLICATION 147604-2001 06/08/2019 1 06/08/2019 Book